مكتبة جامعة عجلون الوطنية

فهرس بحث المكتبة

تاريخ وعمارة المزارات والأضرحة الأثرية الإسلامية في الهند (Record no. 3604)

MARC details
000 -LEADER
fixed length control field 00947nam a2200241Ii 4500
003 - CONTROL NUMBER IDENTIFIER
control field JO-AjNU
008 - FIXED-LENGTH DATA ELEMENTS--GENERAL INFORMATION
fixed length control field 230605s9999||||xx |||||||||||||| ||und||
017 ## - COPYRIGHT OR LEGAL DEPOSIT NUMBER
Copyright or legal deposit number 2004/20523
020 ## - INTERNATIONAL STANDARD BOOK NUMBER
International Standard Book Number 977-271-721-2
040 ## - CATALOGING SOURCE
Original cataloging agency JO-AjNU
Language of cataloging ara
Description conventions rda
Transcribing agency JO-AjNU
041 ## - LANGUAGE CODE
Language code of text/sound track or separate title ara
050 14 - LIBRARY OF CONGRESS CALL NUMBER
Classification number NA6183.A5522 2005
100 3# - MAIN ENTRY--PERSONAL NAME
Personal name محمد علي ,أحمد رجب تأليف,
Relator term author
9 (RLIN) 6957
245 00 - TITLE STATEMENT
Title تاريخ وعمارة المزارات والأضرحة الأثرية الإسلامية في الهند
250 ## - EDITION STATEMENT
Edition statement ط1
264 31 - PRODUCTION, PUBLICATION, DISTRIBUTION, MANUFACTURE, AND COPYRIGHT NOTICE
Place of production, publication, distribution, manufacture القاهرة:الدار المصرية اللبنانية، 2005
300 ## - PHYSICAL DESCRIPTION
Extent 290ص
336 ## - CONTENT TYPE
Content type term text
Content type code txt
Source rdacontent
337 ## - MEDIA TYPE
Media type term unmediated
Media type code n
Source rdamedia
338 ## - CARRIER TYPE
Carrier type term volume
Carrier type code nc
Source rdacarrier
490 0# - SERIES STATEMENT
Series statement سلسلة الأثار في شرق العالم الإسلامي (2)
650 #4 - SUBJECT ADDED ENTRY--TOPICAL TERM
Topical term or geographic name entry element تاريخ-الهند-تاريخ وعمارة المزارات والأضرحة-الأثار الأسلامية
9 (RLIN) 6958
Holdings
Withdrawn status Lost status Source of classification or shelving scheme Damaged status Not for loan Home library Current library Shelving location Date acquired Total Checkouts Full call number Barcode Date last seen Price effective from Koha item type
    Library of Congress Classification     مكتبة جامعة عجلون الوطنية مكتبة جامعة عجلون الوطنية المجموعات العامة 06/06/2023   NA6183.A5522 2005 A36 06/06/2023 06/06/2023 Books